| 000 | 00799nam a22002297a 4500 | ||
|---|---|---|---|
| 005 | 20170403130448.0 | ||
| 010 | _aENG-117686 | ||
| 020 |
_a9788188629268 _c750.00 |
||
| 035 | _aEN-101218 | ||
| 037 | _bDABD/PUB | ||
| 082 | _a333.00954 | ||
| 245 |
_aLand rights,landed hierarchy and village community during the Mughal age / _cedited by Amrita Grover, Anju Grover Chaudhary [and] J. C. Dua |
||
| 260 |
_aDelhi _bOriginals _c2005 |
||
| 270 |
_aA-6 Nimri Commercial Center,Near Ashok Vihar Phase-IV _bDelhi _e110052 |
||
| 300 |
_axx,341p. _c23cm(Hb) |
||
| 490 | _aCollected works of Professor B.R. Grover ; vol-1 | ||
| 500 | _aIncludes index | ||
| 700 | _a Grover,Amrita | ||
| 700 | _a Grover Chaudhary,Anju | ||
| 700 | _a. Dua, J. C | ||
| 942 |
_2ddc _cEN _h333.00954 _mLAN |
||
| 999 |
_c138622 _d138622 |
||